| 000 | 00764nam a2200265 a 4500 | ||
|---|---|---|---|
| 001 | 11572 | ||
| 003 | BD-RjUL | ||
| 005 | 20211208235140.0 | ||
| 008 | 140127t1949 enka 001 0 eng | ||
| 035 | _a(BD-RjUL)11621 | ||
| 040 |
_aDLC _cGMC _beng _dBD-RjUL |
||
| 041 | _aeng | ||
| 082 | 0 | 4 |
_216 _a574 _bWHN 1949 |
| 100 | 1 |
_aWhite, Gilbert, _d1720-1793. _935755 |
|
| 245 | 1 | 4 |
_aThe natural history of Selborne / _cby Gilbert White |
| 260 |
_aLondon : _bDent & sons, _c1949. |
||
| 300 |
_axxiii, 296 p. : _bill. ; _c21 cm. |
||
| 490 | 0 |
_aEvery man's library _v48 |
|
| 504 | _aIncludes index. | ||
| 650 | 0 |
_aNatural history _zEngland _zSelborne. _935756 |
|
| 651 | 0 |
_aSelborne (England) _935757 |
|
| 942 |
_2ddc _cBK |
||
| 999 |
_c11572 _d11572 |
||